00656nam a2200157 a 450000100100000000500170001000800410002704000250006810000320009324501120012526000550023730000210029259000630031395201050037699900170048100004296220201002040530.0140213s1996 pr 000 0 spa d aDO-SdBNPbspacBNPHU1 aDuchesne Winter, Juan9708310aPolítica de la caricia :bensayos sobre corporalidad erotismo literatura y poder /cJuan Duchesne Winter. aSan Juan, Puerto Rico, :bLibros Nómadas,c1996. a229 p. ;c19 cm. aLa biblioteca posee 1 ejemplar autografíado por el autor 001050718MOaGRbGRcCTd2014-02-13iLF1l0o p42962-10r2020-06-25w2020-06-25y1ZNo se presta c42451d42451